| 000 | 00615nam a2200229Ia 4500 | ||
|---|---|---|---|
| 008 | 180523s9999 xx 000 0 und d | ||
| 020 | _a978-0-07-148650-7 | ||
| 050 | _aMAIN TS 156 | ||
| 050 | _b.A78 2007 | ||
| 100 | _aArthur, Jay. | ||
| 245 | 0 | _aLean six sigma demystified / | |
| 245 | 0 | _cJay Arthur. | |
| 260 | _aNew York : | ||
| 260 | _bMcGraw-Hill, | ||
| 260 | _c2007 | ||
| 300 | _a340 pages : | ||
| 300 | _c24 cm. | ||
| 500 | _aIncludes index. | ||
| 650 | _aProduction management -- Quality control. | ||
| 650 | _aSix sigma (Quality control standard). | ||
| 650 | _xTotal quality management. | ||
| 999 |
_c357715 _d357715 |
||